Представление документа в формате RUSMARC

ПолеНазваниеЗначение
  Тип записи a
  Библиографический уровень a
001 Контрольный номер UONB/MAIN/bef1bdd1a4d845108ccbb57886cd42c3
005 Дата корректировки 20260508143207.0
100 Данные общей обработки __
a Данные общей обработки 20260508 ||| 0rusy0189 ca
101 Язык документа 0_
a Язык текста rus
102 Страна публикации __
a Страна публикации RU
200 Заглавие и сведения об ответственности 1_
a Заглавие Герои жили среди нас
f Первые сведения об ответственности А. Идрисова
203 Вид содержания и тип средства __
a Вид содержания Текст
b Характеристика содержания визуальный
c Тип средства непосредственный
215 Физическое описание __
c Иллюстрации/тип воспроизводства ил., портр.
330 Аннотация __
a Аннотация Ариф Шакирович Камальтдинов - уроженец села Малая Цильна, участник ВОВ.
461 Уровень набора _0
1 2000
a Цильнинские новости
463 Уровень физической единицы _0
1 2000
a № 17 (1388) (29 апреля)
v С. 2
1 2101
d 2026
1 001UONB/MAIN/d7a72bb4960c46cab76b5d9d0b0f2d08
600 Персоналии _1
a Персоналии (Фамилия) Камальтдинов
b Персоналии (Имя, инициалы) А. Ф.
g Полное имя Ариф Шакирович
607 Географические рубрики __
a Географическое наименование Малая Цильна, село (Цильнинский район ; Ульяновская область)
610 Ключевые слова 0_
a Ключевые слова участники ВОВ; воздушные стрелки; медаль "За отвагу"; орден Красной Звезды; орден Красного Знамени; медаль "За взятие Берлина"
686 Индексы других классификаций __
2 Код системы rubbk
a Классификационный индекс 63.372.278
700 Автор _1
a Фамилия Идрисова
b Имя (инициалы) А.
g Полное личное имя Альфия
801 Источник записи _0
a Страна RU
b Организация Ульяновская ОНБ
c Дата составления 20260508
g Правила каталогизации RCR
801 Источник записи _1
a Страна RU
b Организация Ульяновская ОНБ
c Дата составления 20260508
g Правила каталогизации RCR
901 Тип документа __
t Тип документа f
w Контрольный № источника UONB/MAIN/d7a72bb4960c46cab76b5d9d0b0f2d08
909 Создатель записи __
a Создатель записи Логинова
b Дата создания записи 20260508